000 00657nam a22002297a 4500
003 UA-OsUOA
001 92801
007 ta
008 20121226b un ||||| |||| 00| 0 ukr d
100 _aБелов В.
090 _a821.161.1
_bБ43
942 _cBK
040 _aUA-OsUOA
_brus
_cUA-OsUOA
_dUA-OsUOA
245 _aЦелуются зори...
_bюмористические рассказы и повести
300 _a192 с.
955 _a3
041 _arus
080 _a821.161.1
260 _aМ.
_bМолодая гвардия
_c1975
650 7 _a82 Література. Літературознавство
_2UDC
999 _c379266
_d379266